[Event "Gibraltar Amateurs op-A"]
[Site "Caleta"]
[Date "2020.01.20"]
[Round "1"]
[White "White, Gary"]
[Black "Kovacevic, Aleksandar S"]
[Result "1-0"]
[WhiteElo "1608"]
[BlackElo "1804"]
[PlyCount "129"]
[EventDate "2020.01.20"]
[EventType "swiss"]
[EventRounds "5"]
[EventCountry "GGB"]
[SourceTitle "CBM 194 Extra"]
[Source "ChessBase"]
[SourceDate "2020.03.31"]
[SourceVersion "1"]
[SourceVersionDate "2020.03.31"]
[SourceQuality "1"]

1. f4 d5 2. Nf3 Nf6 3. d3 Bg4 4. e3 Nc6 5. Be2 e6 6. 0-0 Be7 7. Qe1 Bxf3 8. Bxf3 Qd6 9. e4 dxe4 10. dxe4 Qc5+ 11. Rf2 Qb6 12. Kh1 Bc5 13. Rf1 Nd4 14. Rf2 Nb3 15. axb3 Bxf2 16. Qe2 Rd8 17. Na3 Qd4 18. Nb5 Qd7 19. e5 Nd5 20. Qxf2 Qxb5 21. c4 Qxb3 22. cxd5 exd5 23. Qc5 b6 24. Qxc7 0-0 25. Qxa7 d4 26. Qa4 Qxa4 27. Rxa4 Rc8 28. Ra1 Rfd8 29. Be4 d3 30. Bd2 g6 31. Bc3 b5 32. Rd1 d2 33. Kg1 Rc4 34. Bf3 b4 35. Rxd2 Rdc8 36. Bd4 Rd8 37. Be3 Rdc8 38. Kf2 Rc2 39. Ke2 h5 40. Be4 R2c4 41. Bd5 Rc2 42. e6 Rxd2+ 43. Kxd2 Kf8 44. Bb3 fxe6 45. Bxe6 Rc6 46. f5 gxf5 47. Bxf5 Kf7 48. Be4 Rc8 49. Bf3 Kg6 50. Be4+ Kf7 51. Bd4 Rd8 52. Ke3 Rc8 53. Kf4 Ke7 54. Kg5 Rc4 55. Bf6+ Ke6 56. Bf5+ Kf7 57. Bg6+ Ke6 58. Bxh5 Rc5+ 59. Kg6 Rc4 60. g4 Rc8 61. g5 Rc2 62. Bg4+ Kd6 63. h4 Rg2 64. Bf5 Rf2 65. h5 1-0

[Event "Gibraltar Amateur op-A"]
[Site "Caleta"]
[Date "2019.01.24"]
[Round "4"]
[White "Arias Diaz, Javier Alonso"]
[Black "White, Gary"]
[Result "0-1"]
[WhiteElo "1093"]
[BlackElo "1623"]
[PlyCount "60"]
[EventDate "2019.01.21"]
[EventType "swiss"]
[EventRounds "5"]
[EventCountry "GGB"]
[SourceTitle "CBM 188 Extra"]
[Source "ChessBase"]
[SourceDate "2019.02.26"]
[SourceVersion "1"]
[SourceVersionDate "2019.02.26"]
[SourceQuality "1"]

1. d4 f5 2. h3 Nf6 3. g4 d6 4. Nc3 fxg4 5. Bf4 Bf5 6. e3 Qd7 7. Bg2 c6 8. e4 gxh3 9. Nxh3 Bg6 10. Qe2 Na6 11. a3 Nc7 12. 0-0-0 0-0-0 13. e5 Bh5 14. f3 Nfd5 15. Qe1 Nxc3 16. Qxc3 Nd5 17. Qe1 Qf5 18. Qg3 Bg6 19. Rd2 dxe5 20. Bxe5 Ne3 21. Qf2 Nc4 22. Re2 e6 23. Rhe1 Rd5 24. Nf4 Rb5 25. Nd3 Nxb2 26. Nxb2 Bxa3 27. c3 Qb1+ 28. Kd2 Qxb2+ 29. Ke3 Qxc3+ 30. Kf4 Rb2 0-1

[Event "Douglas IoM op-C"]
[Site "Douglas"]
[Date "2018.10.27"]
[Round "6"]
[White "Armstrong, Chris"]
[Black "White, Gary"]
[Result "0-1"]
[WhiteElo "1589"]
[BlackElo "1628"]
[PlyCount "100"]
[EventDate "2018.10.22"]
[EventType "swiss"]
[EventRounds "7"]
[EventCountry "IOM"]
[SourceTitle "CBM 187 Extra"]
[Source "ChessBase"]
[SourceDate "2018.11.04"]
[SourceVersion "1"]
[SourceVersionDate "2018.11.04"]
[SourceQuality "1"]

1. e4 Nf6 2. e5 Nd5 3. d4 d6 4. Nf3 g6 5. Bc4 e6 6. Bg5 Be7 7. Bh6 Nc6 8. Qd2 Nb6 9. Bb3 dxe5 10. dxe5 Qxd2+ 11. Nbxd2 Bf8 12. Bxf8 Kxf8 13. 0-0-0 Nd7 14. Rhe1 Ke7 15. Ba4 Nb4 16. a3 Nd5 17. g3 Nc5 18. Bb5 c6 19. Bf1 b5 20. Ne4 Nb7 21. c4 bxc4 22. Bxc4 Bd7 23. Nf6 Rad8 24. Nxd7 Rxd7 25. Nd4 Rc8 26. f4 Na5 27. Ba2 c5 28. Nb5 c4 29. Kc2 Rc6 30. Nc3 a6 31. Re4 Nb7 32. Nxd5+ exd5 33. Red4 Ke6 34. Kc3 Nc5 35. g4 Nd3 36. Bb1 Nf2 37. Rg1 Rb7 38. Rg2 Rb3+ 39. Kc2 Rcb6 40. Kc1 Rxb2 41. Bc2 Nd3+ 42. Kd1 Ra2 43. Rd2 Rbb2 44. h3 Rxa3 45. Bxd3 Rxd2+ 46. Kxd2 Rxd3+ 47. Rxd3 cxd3 48. Kxd3 f6 49. Kd4 fxe5+ 50. fxe5 g5 0-1

[Event "Douglas IoM op-C"]
[Site "Douglas"]
[Date "2018.10.26"]
[Round "5"]
[White "White, Gary"]
[Black "Talas, Sandor"]
[Result "1-0"]
[WhiteElo "1628"]
[BlackElo "1610"]
[PlyCount "103"]
[EventDate "2018.10.22"]
[EventType "swiss"]
[EventRounds "7"]
[EventCountry "IOM"]
[SourceTitle "CBM 187 Extra"]
[Source "ChessBase"]
[SourceDate "2018.11.04"]
[SourceVersion "1"]
[SourceVersionDate "2018.11.04"]
[SourceQuality "1"]

1. f4 d5 2. Nf3 g6 3. e3 Bg7 4. Be2 Nf6 5. 0-0 0-0 6. d3 b6 7. Qe1 Bb7 8. Nc3 e6 9. Bd1 Nbd7 10. Ne2 Re8 11. Ng3 c5 12. c3 b5 13. Ne5 c4 14. d4 a5 15. a4 Ba6 16. h4 b4 17. h5 bxc3 18. bxc3 Rb8 19. Nc6 Qc7 20. Nxb8 Rxb8 21. hxg6 hxg6 22. Bc2 Bb7 23. Rb1 Nb6 24. Bd2 Bc6 25. Qc1 Bxa4 26. Bxa4 Nxa4 27. Qa3 Rxb1 28. Rxb1 Nb6 29. Qxa5 Nfd7 30. Ne2 Bf6 31. Bc1 Bd8 32. Ba3 Qc8 33. Kf2 Bc7 34. Be7 f6 35. Rh1 Kg7 36. g4 Qe8 37. Bc5 e5 38. Bxb6 Bxb6 39. Qxd5 Bc7 40. f5 exd4 41. Nxd4 Nf8 42. Ne6+ Nxe6 43. fxe6 Bd8 44. Qd7+ Qxd7 45. exd7 g5 46. Kf3 Kf7 47. Ke4 Ke6 48. Rd1 Ke7 49. Rd4 Ke6 50. Rxc4 Kxd7 51. Rd4+ Ke7 52. Rxd8 1-0

[Event "Gibraltar Amateur op-B"]
[Site "Caleta"]
[Date "2018.01.30"]
[Round "4"]
[White "White, Gary"]
[Black "Mahbubani, Arun"]
[Result "1-0"]
[WhiteElo "1663"]
[BlackElo "1288"]
[PlyCount "53"]
[EventDate "2018.01.27"]
[EventType "swiss"]
[EventRounds "5"]
[EventCountry "GGB"]
[SourceTitle "EXT 2019"]
[Source "ChessBase"]
[SourceDate "2018.10.10"]
[SourceVersion "1"]
[SourceVersionDate "2018.10.10"]
[SourceQuality "1"]

1. f4 e6 2. Nf3 d5 3. d3 Nc6 4. b3 Nf6 5. Bb2 b6 6. Nbd2 Bb7 7. g3 Ng4 8. Bh3 Ne3 9. Qc1 Nb4 10. c3 Nbc2+ 11. Kf2 Bd6 12. Rb1 Qe7 13. Nf1 Nxf1 14. Qxc2 Nxg3 15. hxg3 e5 16. e3 0-0 17. fxe5 Bxe5 18. Nxe5 Qxe5 19. c4 Qg5 20. Bg2 Rae8 21. Qe2 Qf5+ 22. Ke1 Qg5 23. Kd2 Qxg3 24. Rbg1 Qd6 25. Bxd5 g6 26. Rxh7 Bxd5 27. Rh8# 1-0

[Event "Gibraltar Amateur op-B"]
[Site "Caleta"]
[Date "2018.01.29"]
[Round "3"]
[White "Marcos Herrero, Francisco"]
[Black "White, Gary"]
[Result "1-0"]
[WhiteElo "1876"]
[BlackElo "1663"]
[PlyCount "63"]
[EventDate "2018.01.27"]
[EventType "swiss"]
[EventRounds "5"]
[EventCountry "GGB"]
[SourceTitle "EXT 2019"]
[Source "ChessBase"]
[SourceDate "2018.10.10"]
[SourceVersion "1"]
[SourceVersionDate "2018.10.10"]
[SourceQuality "1"]

1. Nf3 b6 2. d4 Bb7 3. Nbd2 Nf6 4. g3 e6 5. Bg2 c5 6. c3 Nc6 7. 0-0 Qc7 8. e4 cxd4 9. cxd4 Nb4 10. e5 Nfd5 11. Ne4 Ba6 12. Bg5 Bxf1 13. Bxf1 h6 14. Rc1 Qb7 15. Bd2 Nxa2 16. Ra1 Ndb4 17. Nd6+ Bxd6 18. exd6 Rc8 19. Ne5 Qd5 20. Bf4 Rc2 21. Qg4 Qxd4 22. Qf3 Qd5 23. Qg4 g5 24. Qh5 Rh7 25. Ng4 Qd4 26. Be3 Qg7 27. Rd1 Kd8 28. Bd4 Qg6 29. Qh3 Nc1 30. Bf6+ Kc8 31. Qg2 Kb8 32. Ne5 1-0

[Event "Gibraltar Amateur op-A"]
[Site "Caleta"]
[Date "2018.01.22"]
[Round "1"]
[White "Marcos Herrero, Francisco"]
[Black "White, Gary"]
[Result "1-0"]
[WhiteElo "1876"]
[BlackElo "1663"]
[PlyCount "65"]
[EventDate "2018.01.22"]
[EventType "swiss"]
[EventRounds "5"]
[EventCountry "GGB"]
[SourceTitle "EXT 2019"]
[Source "ChessBase"]
[SourceDate "2018.10.10"]
[SourceVersion "1"]
[SourceVersionDate "2018.10.10"]
[SourceQuality "1"]

1. Nf3 f5 2. d4 Nf6 3. g3 e6 4. Bg2 Be7 5. c4 d6 6. Nc3 0-0 7. 0-0 Nbd7 8. Qc2 Qe8 9. e4 Qh5 10. exf5 exf5 11. Re1 Bd8 12. Bd2 Ng4 13. Nd5 g5 14. Ne7+ Bxe7 15. Rxe7 h6 16. c5 d5 17. c6 bxc6 18. Qxc6 Nb6 19. Qxc7 Nf6 20. Rae1 Bd7 21. Bb4 Rfc8 22. Qe5 Qg6 23. Qe2 Re8 24. Qd1 Ne4 25. Ne5 Qf6 26. Nxd7 Nxd7 27. Rxd7 Qc6 28. Re7 Rxe7 29. Bxe7 Rc8 30. Bxe4 fxe4 31. Qg4 Re8 32. Bc5 Qf6 33. Re3 1-0

[Event "Douglas IoM Minor op"]
[Site "Douglas"]
[Date "2017.10.01"]
[Round "7"]
[White "Birkisdottir, Freyja"]
[Black "White, Gary"]
[Result "1-0"]
[WhiteElo "1332"]
[BlackElo "1689"]
[PlyCount "67"]
[EventDate "2017.09.25"]
[EventType "swiss"]
[EventRounds "7"]
[EventCountry "IOM"]
[SourceTitle "EXT 2019"]
[Source "ChessBase"]
[SourceDate "2018.10.10"]
[SourceVersion "1"]
[SourceVersionDate "2018.10.10"]
[SourceQuality "1"]

1. e4 Nf6 2. Nc3 e5 3. Nf3 d6 4. d4 Bg4 5. dxe5 Bxf3 6. Qxf3 dxe5 7. Bd3 Nc6 8. Nd5 Nxd5 9. exd5 Nd4 10. Qe4 Qd6 11. c3 f5 12. Qe3 c5 13. cxd4 cxd4 14. Bb5+ Kf7 15. Qb3 Be7 16. 0-0 a6 17. Be2 b5 18. a4 bxa4 19. Qxa4 Rhc8 20. b3 e4 21. Bc4 g5 22. Ba3 Qe5 23. d6+ Kg6 24. dxe7 f4 25. Qb4 Rc6 26. Rfc1 Rac8 27. Bb2 e3 28. Bd3+ Kh5 29. Be2+ g4 30. f3 Rxc1+ 31. Rxc1 Rxc1+ 32. Bxc1 Kh4 33. Qb6 h5 34. Qd8 1-0

[Event "Douglas IoM Minor op"]
[Site "Douglas"]
[Date "2017.09.26"]
[Round "2"]
[White "White, Gary"]
[Black "Walker, Gordon J"]
[Result "1-0"]
[WhiteElo "1689"]
[BlackElo "1611"]
[PlyCount "41"]
[EventDate "2017.09.25"]
[EventType "swiss"]
[EventRounds "7"]
[EventCountry "IOM"]
[SourceTitle "EXT 2019"]
[Source "ChessBase"]
[SourceDate "2018.10.10"]
[SourceVersion "1"]
[SourceVersionDate "2018.10.10"]
[SourceQuality "1"]

1. f4 c5 2. Nf3 Nc6 3. e4 d5 4. exd5 Qxd5 5. Nc3 Qd8 6. Bc4 e6 7. 0-0 Bd6 8. d3 Nf6 9. Qe1 0-0 10. Bd2 a6 11. Ne4 b5 12. Bb3 Nxe4 13. Qxe4 Bb7 14. Ng5 g6 15. f5 Qe7 16. f6 Qd7 17. Nxh7 Nd4 18. Qh4 Nf5 19. Rxf5 Bxh2+ 20. Qxh2 Qd4+ 21. Rf2 1-0

[Event "Gibraltar Amateur op-B"]
[Site "Caleta"]
[Date "2017.02.01"]
[Round "5"]
[White "Oliva Parra, Ernesto"]
[Black "White, Gary"]
[Result "0-1"]
[WhiteElo "1578"]
[BlackElo "1716"]
[PlyCount "114"]
[EventDate "2017.01.28"]
[EventType "swiss"]
[EventRounds "5"]
[EventCountry "GGB"]
[SourceTitle "EXT 2018"]
[Source "ChessBase"]
[SourceDate "2017.10.13"]
[SourceVersion "1"]
[SourceVersionDate "2017.10.13"]
[SourceQuality "1"]

1. e4 b6 2. Bc4 e6 3. Nf3 Bb7 4. d3 Be7 5. Nc3 a6 6. a3 d6 7. Ne2 Nf6 8. Ng3 d5 9. exd5 Nxd5 10. 0-0 h5 11. Ne5 Nf6 12. h3 Bc5 13. c3 b5 14. Bb3 Nbd7 15. Qe2 Nxe5 16. Qxe5 Qd6 17. Qxd6 Bxd6 18. Re1 0-0-0 19. Bg5 Bxg3 20. fxg3 Rxd3 21. Bf4 h4 22. Bc2 Rd7 23. Bd1 hxg3 24. Bxg3 Rd2 25. Re2 Rhd8 26. Rxd2 Rxd2 27. Bf3 Bxf3 28. gxf3 Rxb2 29. Be5 Ne8 30. c4 Rb3 31. cxb5 axb5 32. Kf2 f6 33. Bd4 Nd6 34. Bc5 Nf5 35. Rc1 Kb7 36. Rh1 Rb2+ 37. Kg1 Rb1+ 38. Kg2 Nh4+ 39. Kh2 Nxf3+ 40. Kg2 Rxh1 41. Kxh1 Kc6 42. Bf8 g6 43. Kg2 Nd2 44. Be7 f5 45. Kg3 Kd5 46. Kf4 Ne4 47. h4 c5 48. Ke3 Kc4 49. Kf4 Kb3 50. Ke5 Kxa3 51. Kxe6 f4 52. Ke5 Nc3 53. Bxc5+ Kb3 54. Kxf4 Kc4 55. Be7 Nd5+ 56. Kg5 Nxe7 57. Kf6 Nf5 0-1

[Event "Gibraltar Amateur op-B"]
[Site "Caleta"]
[Date "2017.01.30"]
[Round "3"]
[White "Shehzad, Alisha"]
[Black "White, Gary"]
[Result "1-0"]
[WhiteElo "1556"]
[BlackElo "1716"]
[PlyCount "95"]
[EventDate "2017.01.28"]
[EventType "swiss"]
[EventRounds "5"]
[EventCountry "GGB"]
[SourceTitle "EXT 2018"]
[Source "ChessBase"]
[SourceDate "2017.10.13"]
[SourceVersion "1"]
[SourceVersionDate "2017.10.13"]
[SourceQuality "1"]

1. e4 b6 2. d4 e6 3. a3 Bb7 4. Nc3 Be7 5. Nf3 d6 6. Be3 Nd7 7. Bd3 Ngf6 8. 0-0 h6 9. Re1 c5 10. h3 d5 11. exd5 Nxd5 12. Nxd5 Bxd5 13. Qe2 Qc7 14. b3 0-0 15. Bc4 Bxf3 16. Qxf3 Bf6 17. Rad1 cxd4 18. Bxd4 Rad8 19. Bxf6 Nxf6 20. Rxd8 Rxd8 21. Rd1 Rd7 22. Rxd7 Nxd7 23. Bd3 g6 24. Qe4 Nc5 25. Qd4 Qe7 26. b4 Nd7 27. Bb5 Nf6 28. Bc4 e5 29. Qe3 Kg7 30. Bb3 Qd6 31. c4 Nd7 32. Qf3 f5 33. Qb7 Kf6 34. Qxa7 e4 35. Ba4 Ne5 36. c5 bxc5 37. bxc5 Qd4 38. Qa6+ Kg5 39. c6 e3 40. fxe3 Qxe3+ 41. Kh2 Kh4 42. Qf1 Nd3 43. Qf3 Qd2 44. Bd1 Kg5 45. Qg3+ Kf6 46. Qd6+ Kg5 47. h4+ Kxh4 48. Qg3# 1-0

[Event "Douglas IoM Major op"]
[Site "Douglas"]
[Date "2016.10.09"]
[Round "7"]
[White "Harris, John2222"]
[Black "White, Gary"]
[Result "0-1"]
[WhiteElo "1564"]
[BlackElo "1685"]
[PlyCount "76"]
[EventDate "2016.10.03"]
[EventType "swiss"]
[EventRounds "7"]
[EventCountry "IOM"]
[SourceTitle "EXT 2019"]
[Source "ChessBase"]
[SourceDate "2018.10.10"]
[SourceVersion "1"]
[SourceVersionDate "2018.10.10"]
[SourceQuality "1"]

1. e4 e6 2. d4 b6 3. Bd3 Bb7 4. Nf3 Be7 5. Nbd2 d6 6. Qe2 Nd7 7. 0-0 Ngf6 8. c3 h6 9. e5 dxe5 10. dxe5 Nd5 11. Ne4 Nc5 12. Nxc5 Bxc5 13. Rd1 Qe7 14. Bd2 Qd8 15. c4 Nb4 16. Be4 Qc8 17. a3 Nc6 18. b4 Nd4 19. Nxd4 Bxd4 20. Ra2 c5 21. Bxb7 Qxb7 22. Be3 Bxe5 23. Bxc5 Bxh2+ 24. Kxh2 bxc5 25. Qe5 Qb8 26. Rd6 cxb4 27. axb4 0-0 28. c5 Qxb4 29. Rb2 Qh4+ 30. Kg1 Rab8 31. Rd4 Qf6 32. Qxf6 gxf6 33. Ra2 Rb7 34. c6 Rc7 35. Ra6 Rb8 36. Rd7 Rxd7 37. cxd7 Rd8 38. Rxa7 Kf8 0-1

[Event "Douglas IoM Major op"]
[Site "Douglas"]
[Date "2016.10.04"]
[Round "2"]
[White "White, Gary"]
[Black "Schroeder, Oliver"]
[Result "1-0"]
[WhiteElo "1685"]
[BlackElo "1604"]
[PlyCount "45"]
[EventDate "2016.10.03"]
[EventType "swiss"]
[EventRounds "7"]
[EventCountry "IOM"]
[SourceTitle "EXT 2019"]
[Source "ChessBase"]
[SourceDate "2018.10.10"]
[SourceVersion "1"]
[SourceVersionDate "2018.10.10"]
[SourceQuality "1"]

1. f4 d5 2. Nf3 e6 3. e3 Nd7 4. b3 Ngf6 5. Bb2 Be7 6. d3 0-0 7. Nbd2 a6 8. Qe2 b5 9. g3 Bb7 10. Bg2 Rb8 11. Ng5 c5 12. e4 d4 13. h4 h6 14. Kf2 e5 15. Raf1 exf4 16. gxf4 Nh7 17. Nxh7 Bxh4+ 18. Kg1 Kxh7 19. Qg4 Bf6 20. Rf3 Bc8 21. Qh5 Be7 22. Rg3 Nf6 23. Rxg7+ 1-0

[Event "BCF-ch U150 103rd"]
[Site "Bournemouth"]
[Date "2016.07.29"]
[Round "1.11"]
[White "White, Gary"]
[Black "Di Vetta, Andrew"]
[Result "1-0"]
[WhiteElo "1700"]
[BlackElo "1591"]
[PlyCount "120"]
[EventDate "2016.07.29"]
[EventType "swiss"]
[EventRounds "5"]
[EventCountry "ENG"]
[SourceTitle "EXT 2023"]
[Source "ChessBase"]
[SourceDate "2022.10.05"]
[SourceVersion "1"]
[SourceVersionDate "2022.10.05"]
[SourceQuality "1"]

1. f4 d5 2. Nf3 c5 3. e3 Nf6 4. d3 Nc6 5. Be2 b6 6. 0-0 Bb7 7. h3 e6 8. Qe1 Qc7 9. a4 Bd6 10. Nc3 a6 11. g3 h6 12. e4 dxe4 13. dxe4 Be7 14. e5 Nd5 15. Bc4 Ncb4 16. Nxd5 exd5 17. e6 dxc4 18. exf7+ Kxf7 19. Ne5+ Ke8 20. Qe2 Rf8 21. Qh5+ Kd8 22. Rd1+ Kc8 23. Rd7 Qxd7 24. Nxd7 Kxd7 25. Be3 Rad8 26. a5 Nxc2 27. Rd1+ Kc8 28. Rxd8+ Bxd8 29. Bxc5 Rf6 30. axb6 Be4 31. Qg4+ Rf5 32. Qe2 Rxc5 33. Qxe4 Nb4 34. Qe6+ Kb7 35. Qd7+ Kxb6 36. Qxd8+ Kb5 37. Qd7+ Ka5 38. Qxg7 Nd3 39. Qc3+ Kb5 40. Kg2 a5 41. Kf3 Nb4 42. g4 Rd5 43. Ke4 Rd3 44. Qe5+ Ka4 45. f5 Rxh3 46. f6 Nc2 47. Qe8+ Kb3 48. Qb8+ Nb4 49. f7 Kxb2 50. f8Q c3 51. Qf2+ c2 52. Qb5 Kb1 53. Qff1+ c1Q 54. Qxc1+ Kxc1 55. Qf1+ Kb2 56. Qxh3 a4 57. Qg2+ Kb3 58. Qf3+ Kb2 59. Qe2+ Kb3 60. Qd1+ Kc4 1-0

[Event "Gibraltar Amateur op-B"]
[Site "Caleta"]
[Date "2016.02.02"]
[Round "4"]
[White "White, Gary"]
[Black "Zitan, Abdelhay"]
[Result "1-0"]
[WhiteElo "1690"]
[BlackElo "1635"]
[PlyCount "91"]
[EventDate "2016.01.30"]
[EventType "swiss"]
[EventRounds "5"]
[EventCountry "GGB"]
[SourceTitle "CBM 170 Extra"]
[Source "ChessBase"]
[SourceDate "2016.02.25"]
[SourceVersion "1"]
[SourceVersionDate "2016.02.25"]
[SourceQuality "1"]

1. f4 e6 2. Nf3 d5 3. e3 Nf6 4. Be2 Be7 5. 0-0 0-0 6. d3 c5 7. Qe1 Nc6 8. Nbd2 Ng4 9. Bd1 f5 10. h3 Nf6 11. b3 a5 12. Bb2 b5 13. Ng5 h6 14. h4 Qe8 15. Rf3 Ng4 16. Rg3 h5 17. e4 Bxg5 18. fxg5 d4 19. exf5 exf5 20. Bf3 Bd7 21. a4 b4 22. Nc4 Qxe1+ 23. Rxe1 Rfe8 24. Kf1 Rxe1+ 25. Kxe1 Re8+ 26. Kd2 Kf8 27. Rh3 g6 28. Rh1 Ne3 29. Nb6 Ne5 30. Nxd7+ Nxd7 31. Kc1 Ne5 32. Kb1 Nxf3 33. gxf3 Ng2 34. Bc1 Re1 35. Rh2 Nf4 36. Kb2 Re2 37. Bxf4 Re6 38. Kc1 Ke7 39. Kd2 Kd7 40. Re2 Rc6 41. Re5 Rc8 42. Rd5+ Ke7 43. Bd6+ Ke6 44. Rxc5 Ra8 45. Bc7 Rc8 46. Re5+ 1-0

[Event "Gibraltar Amateur op-B"]
[Site "Caleta"]
[Date "2016.01.31"]
[Round "2"]
[White "White, Gary"]
[Black "Chadwick, Susan E"]
[Result "1/2-1/2"]
[WhiteElo "1690"]
[BlackElo "1430"]
[PlyCount "125"]
[EventDate "2016.01.30"]
[EventType "swiss"]
[EventRounds "5"]
[EventCountry "GGB"]
[SourceTitle "CBM 170 Extra"]
[Source "ChessBase"]
[SourceDate "2016.02.25"]
[SourceVersion "1"]
[SourceVersionDate "2016.02.25"]
[SourceQuality "1"]

1. g4 g6 2. Bg2 c6 3. d3 d5 4. h3 Bg7 5. c3 Nf6 6. Bf4 Nbd7 7. Nf3 0-0 8. Nbd2 Re8 9. Qc2 e5 10. Bg5 h6 11. Bh4 g5 12. Nxg5 hxg5 13. Bxg5 Qb6 14. Be3 d4 15. cxd4 exd4 16. Nc4 Qc5 17. Bd2 a5 18. Bf4 Ne5 19. Bxe5 Rxe5 20. Rc1 Re8 21. f4 Be6 22. a3 Bd5 23. Rg1 Bxg2 24. Rxg2 Nd5 25. Qd2 Qe7 26. g5 Ne3 27. Rh2 Nxc4 28. Rxc4 Qe3 29. Qxe3 dxe3 30. b3 Rad8 31. Kd1 Rd4 32. f5 Rxc4 33. bxc4 Be5 34. Rg2 Kh8 35. Kc2 b5 36. Rg4 bxc4 37. Rxc4 Rc8 38. Re4 Bd6 39. Rxe3 Bxa3 40. d4 Bb4 41. Rd3 Rd8 42. e4 c5 43. d5 c4 44. Rd1 Re8 45. d6 Rxe4 46. d7 Re2+ 47. Kb1 Be7 48. d8Q+ Bxd8 49. Rxd8+ Kg7 50. f6+ Kg6 51. Rg8+ Kf5 52. Rg7 Re4 53. Rxf7 Kxg5 54. Rf8 Kg6 55. f7 Kg7 56. Re8 Rf4 57. Ra8 Kxf7 58. Rxa5 Kg6 59. Ra3 Kg5 60. Kc2 Rh4 61. Kd2 Rd4+ 62. Kc2 Kf4 63. h4 1/2-1/2

[Event "Gibraltar Amateur op-A"]
[Site "Caleta"]
[Date "2016.01.29"]
[Round "5"]
[White "White, Gary"]
[Black "Lopez Diaz, Rafael"]
[Result "1-0"]
[WhiteElo "1690"]
[BlackElo "1854"]
[PlyCount "71"]
[EventDate "2016.01.25"]
[EventType "swiss"]
[EventRounds "5"]
[EventCountry "GGB"]
[SourceTitle "CBM 170 Extra"]
[Source "ChessBase"]
[SourceDate "2016.02.25"]
[SourceVersion "1"]
[SourceVersionDate "2016.02.25"]
[SourceQuality "1"]

1. f4 g6 2. Nf3 Bg7 3. e4 d6 4. Be2 c5 5. 0-0 Nc6 6. c3 Nf6 7. d3 0-0 8. Qe1 c4 9. e5 cxd3 10. Bxd3 dxe5 11. fxe5 Qxd3 12. exf6 Bxf6 13. Bh6 Be6 14. Bxf8 Rxf8 15. Nbd2 Bf5 16. Rd1 Qa6 17. Ne4 Bxe4 18. Qxe4 Qxa2 19. Rf2 Qa6 20. g4 Bg7 21. h4 Qb6 22. h5 h6 23. Kg2 gxh5 24. gxh5 Kh8 25. Nh4 Ne5 26. Rdf1 Rg8 27. Rxf7 Qxb2+ 28. Kh1 Qxc3 29. R7f3 Qc6 30. Qf5 Rf8 31. Qb1 Rxf3 32. Rxf3 b6 33. Kg2 Bf6 34. Ng6+ Nxg6 35. Qxg6 Bg7 36. Qxc6 1-0

[Event "Gibraltar Amateur op-A"]
[Site "Caleta"]
[Date "2016.01.25"]
[Round "1"]
[White "Wilson, Matthew R"]
[Black "White, Gary"]
[Result "1-0"]
[WhiteElo "1873"]
[BlackElo "1690"]
[PlyCount "71"]
[EventDate "2016.01.25"]
[EventType "swiss"]
[EventRounds "5"]
[EventCountry "GGB"]
[SourceTitle "CBM 170 Extra"]
[Source "ChessBase"]
[SourceDate "2016.02.25"]
[SourceVersion "1"]
[SourceVersionDate "2016.02.25"]
[SourceQuality "1"]

1. e4 e6 2. d4 d5 3. Nc3 Bb4 4. exd5 exd5 5. Bd3 Nc6 6. a3 Ba5 7. Nge2 Bg4 8. 0-0 Nxd4 9. f3 Nxe2+ 10. Qxe2+ Be6 11. f4 Bxc3 12. bxc3 Qe7 13. Re1 g6 14. f5 gxf5 15. Qe5 Qf6 16. Qxc7 Ne7 17. Bb5+ Kf8 18. Qxb7 Kg7 19. Be3 Rhb8 20. Qc7 Kf8 21. Bd4 Qg5 22. Ba6 Ng6 23. Bc5+ Kg7 24. Rxe6 Nf4 25. Re2 Nxe2+ 26. Bxe2 Re8 27. Bd4+ Kg8 28. Bd3 Re7 29. Qc6 Rae8 30. Qxd5 Re1+ 31. Rxe1 Rxe1+ 32. Bf1 Re8 33. Qd7 Qe7 34. Qxf5 Qxa3 35. Qg5+ Kf8 36. Bc5+ 1-0

[Event "Sunningdale e2e4 U1800 op 04"]
[Site "Sunningdale"]
[Date "2014.04.19"]
[Round "5"]
[White "White, Gary"]
[Black "Hoffmann, Steffen"]
[Result "1-0"]
[WhiteElo "1718"]
[BlackElo "2030"]
[PlyCount "63"]
[EventDate "2014.04.17"]
[EventType "swiss"]
[EventRounds "7"]
[EventCountry "ENG"]
[SourceTitle "EXT 2015"]
[Source "ChessBase"]
[SourceDate "2014.11.20"]
[SourceVersion "1"]
[SourceVersionDate "2014.11.20"]
[SourceQuality "1"]

1. f4 Nc6 2. Nf3 d6 3. e3 a6 4. Be2 e5 5. fxe5 dxe5 6. e4 Nf6 7. d3 Bc5 8. c3 Be6 9. b4 Bb6 10. Bg5 Qd7 11. a4 Ng4 12. Rf1 h6 13. Bc1 Ne3 14. Bxe3 Bxe3 15. Nbd2 g5 16. b5 axb5 17. axb5 Rxa1 18. Qxa1 Nd8 19. Nxe5 Qxb5 20. d4 Qb6 21. Ndc4 Bxc4 22. Nxc4 Qg6 23. Nxe3 Qxe4 24. Rf3 0-0 25. Nf5 Re8 26. Re3 Qc6 27. Ne7+ Rxe7 28. Rxe7 Qd6 29. Re8+ Kg7 30. d5 Qf6 31. Qa3 Kg6 32. g4 1-0

[Event "Sunningdale e2e4 op U1800 05"]
[Site "Sunningdale"]
[Date "2013.05.27"]
[Round "7"]
[White "Divilly, Paddy"]
[Black "White, Gary"]
[Result "1/2-1/2"]
[WhiteElo "1452"]
[BlackElo "1753"]
[PlyCount "53"]
[EventDate "2013.05.25"]
[EventType "swiss"]
[EventRounds "7"]
[EventCountry "ENG"]
[SourceTitle "EXT 2014"]
[Source "ChessBase"]
[SourceDate "2013.11.20"]
[SourceVersion "1"]
[SourceVersionDate "2013.11.20"]
[SourceQuality "1"]

1. d4 b6 2. c4 e6 3. Nc3 Bb7 4. Nf3 d6 5. e4 Be7 6. Bd3 Nd7 7. 0-0 g5 8. Be3 g4 9. Nd2 h5 10. f4 c5 11. Ne2 Bf6 12. Qc2 Qe7 13. Rab1 Bg7 14. a3 Nh6 15. b4 f5 16. e5 cxd4 17. Bxd4 dxe5 18. fxe5 Bxe5 19. Bxe5 Nxe5 20. Nf4 Qg5 21. Rbe1 Nf3+ 22. Nxf3 gxf3 23. Nxe6 Qxg2+ 24. Qxg2 fxg2 25. Rf4 Kd7 26. Rd4+ Kc8 27. c5 1/2-1/2

[Event "Sunningdale e2e4 op U1800 05"]
[Site "Sunningdale"]
[Date "2013.05.26"]
[Round "5"]
[White "Rowan, Daniel"]
[Black "White, Gary"]
[Result "1-0"]
[WhiteElo "1545"]
[BlackElo "1753"]
[PlyCount "53"]
[EventDate "2013.05.25"]
[EventType "swiss"]
[EventRounds "7"]
[EventCountry "ENG"]
[SourceTitle "EXT 2014"]
[Source "ChessBase"]
[SourceDate "2013.11.20"]
[SourceVersion "1"]
[SourceVersionDate "2013.11.20"]
[SourceQuality "1"]

1. d4 b6 2. e4 e6 3. Nf3 Bb7 4. Bd3 Be7 5. c3 d6 6. 0-0 Nd7 7. Be3 c5 8. Nbd2 g5 9. e5 g4 10. exd6 Bxd6 11. Ng5 Ndf6 12. Qa4+ Kf8 13. Nc4 Bxh2+ 14. Kxh2 Qd5 15. f3 gxf3 16. Nxf3 Qh5+ 17. Kg1 Ng4 18. Bf4 Ne7 19. Nd6 Bxf3 20. Rxf3 Ng6 21. Rh3 Nh4 22. Be2 Rg8 23. Qd7 Rg7 24. Bg3 Qd5 25. Bxh4 f5 26. Bf3 Qxf3 27. Qxg7+ 1-0